Biện pháp rèn luyện kĩ năng đọc Tiếng Việt cho học sinh chậm phát triển trí tuệ học hòa nhập tại các trường tiểu học trên địa bàn Q. Liên Chiểu TP Đà Nẵng

Cơ sở lý luận của đề tài. Thực trạng dạy học tập đọc t cho học sinh chậm phát triển trí tuệ lớp 4 Q. Liên Chiểu TP Đà Nẵng. Biện pháp rèn luyện kĩ năng đọc Tiếng Việt cho học sinh chậm phát triển trí tuệ học hòa nhập tại các trường tiểu học trên địa bàn Q. Liên Chiểu TP Đà Nẵng...

Descrizione completa

Salvato in:
Dettagli Bibliografici
Autore principale: Phạm, Thị Quỳnh Ni
Altri autori: Lê, Quang Sơn TS (Hướng dẫn)
Natura: Libro
Lingua:Vietnamese
Pubblicazione: Đại học Đà Nẵng Trường đại học Sư Phạm 2008
Serie:Khóa luận tốt nghiệp đại học. Chuyên ngành: Sư phạm Giáo dục Đặc biệt
Soggetti:
Tags: Aggiungi Tag
Nessun Tag, puoi essere il primo ad aggiungerne! !
Thư viện lưu trữ: Mạng thư viện Đại học Đà Nẵng
LEADER 01851nam a2200349 4500
001 000012435
003 8731
005 20120220140237.0
008 120220s2008 viesd
041 |a vie 
072 |a Khóa luận tốt nghiệp 
082 |a 371.92  |b PH-N 
100 |a Phạm, Thị Quỳnh Ni 
245 |a Biện pháp rèn luyện kĩ năng đọc Tiếng Việt cho học sinh chậm phát triển trí tuệ học hòa nhập tại các trường tiểu học trên địa bàn Q. Liên Chiểu TP Đà Nẵng  |c Phạm, Thị Quỳnh Ni 
260 |a Đại học Đà Nẵng  |b Trường đại học Sư Phạm  |c 2008 
300 |a 83 tr.  |c 29 cm 
490 |a Khóa luận tốt nghiệp đại học. Chuyên ngành: Sư phạm Giáo dục Đặc biệt 
500 |a Tham khảo tr.82 + phụ lục [5 tr.] 
520 |a Cơ sở lý luận của đề tài. Thực trạng dạy học tập đọc t cho học sinh chậm phát triển trí tuệ lớp 4 Q. Liên Chiểu TP Đà Nẵng. Biện pháp rèn luyện kĩ năng đọc Tiếng Việt cho học sinh chậm phát triển trí tuệ học hòa nhập tại các trường tiểu học trên địa bàn Q. Liên Chiểu TP Đà Nẵng 
653 |a Khóa luận tốt nghiệp đại học 
653 |a Khoa Tâm lý - Giáo dục 
700 |a Lê, Quang Sơn  |c TS  |e Hướng dẫn 
OWN |a LSP 
AVA |a UDN50  |b LSP  |d 371.92 PH-N  |e available  |t Error 5001 Not defined in file expand_doc_bib_avail.  |f 1  |g 0  |h N  |i 0  |k 1 
999 |a From the UDN01 
AVA |a UDN50  |b LSP  |d 371.92 PH-N  |e available  |t Error 5001 Not defined in file expand_doc_bib_avail.  |f 1  |g 0  |h N  |i 0  |k 1 
TYP |a Monograph 
TYP |a Printed language 
980 |a Mạng thư viện Đại học Đà Nẵng